C++ : the complete reference, 4th edition (Record no. 818411)

MARC details
000 -LEADER
fixed length control field 00624nam a2200229Ia 4500
008 - FIXED-LENGTH DATA ELEMENTS--GENERAL INFORMATION
fixed length control field 101110s9999 xx 000 0 und d
041 ## - LANGUAGE CODE
Language code of text/sound track or separate title ENGLISH
082 ## - DEWEY DECIMAL CLASSIFICATION NUMBER
Item number SR25802
100 ## - MAIN ENTRY--PERSONAL NAME
Personal name Schildt Herbert
245 ## - TITLE STATEMENT
Title C++ : the complete reference, 4th edition
260 ## - PUBLICATION, DISTRIBUTION, ETC. (IMPRINT)
Date of publication, distribution, etc 2003
Name of publisher, distributor, etc Tata McGraw hill, New Delhi
300 ## - PHYSICAL DESCRIPTION
Extent 997
365 ## - TRADE PRICE
Price amount 395
520 ## - SUMMARY, ETC.
Summary, etc Computer
520 ## - SUMMARY, ETC.
Summary, etc Sent to Computer Dept.,dt.30/7/04
546 ## - LANGUAGE NOTE
Language note ENGLISH
630 ## - SUBJECT ADDED ENTRY--UNIFORM TITLE
Uniform title C++ : the complete reference, 4th edition
650 ## - SUBJECT ADDED ENTRY--TOPICAL TERM
Topical term or geographic name as entry element Computer
655 ## - INDEX TERM--GENRE/FORM
Genre/form data or focus term Computer
730 ## - ADDED ENTRY--UNIFORM TITLE
Uniform title C++ : the complete reference, 4th edition
942 ## - ADDED ENTRY ELEMENTS (KOHA)
Koha item type Book
Holdings
Withdrawn status Lost status Damaged status Not for loan Home library Current library Date acquired Source of acquisition Cost, normal purchase price Shelving control number Total Checkouts Barcode Date last seen Price effective from Koha item type
        D. B. J. College, Chiplun D. B. J. College, Chiplun   Prashant Book Depo, Chiplun,bill 151,dt.26-7-04 395.00     DBJSR25802 11/11/2010 11/11/2010 Book